00724nam a2200217 i 4500001000700000003000900007007000300016008004100019080001700060080001700077100002000094245008600114260004100200300002200241490003300263500002900296651006400325651005100389830003300440852003300473105584ES-MaACLt|060726s1970 fr ||||1| fre d a338(73:8.03) a338(8.03:73)1 aFurtado, Celso.14aLes Etats-Unis et le sous-développement de l'Amerique latine / cCelso Furtado. a[Paris] : bCalmann-Lévy, c[1970] a276 p. ; c21 cm.1 aPerspectives de l'économie aBiblioteca Juan Andrade. 4aEstados Unidos-xRelaciones económicas-zAmérica Latina 4aAmérica Latina-xRelaciones-zEstados Unidos0 aPerspectives de l'économie aES-MaACLjAND-406 bR.109710